000 00242nam a2200097Ia 4500
001 1251700
005 20251031150920.0
008 251031s9999 xx 000 0 und d
245 0 _cCARLO PANARO
_aŞ-1 YILDIZLARARASI
260 _bBETA YAYINLARI
999 _c1251700
_d1251700